[Event "Rio de Janeiro Fexerj Masters"]
[Site "Rio de Janeiro"]
[Date "2005.06.26"]
[Round "6"]
[White "Pacheco, Fernando Lourenco"]
[Black "Carvalho, Wagner De Paula"]
[Result "1/2-1/2"]
[WhiteElo "1833"]
[BlackElo "2047"]
[PlyCount "59"]
[EventDate "2005.03.08"]
[EventType "swiss"]
[EventRounds "7"]
[EventCountry "BRA"]
[SourceTitle "EXT 2007"]
[Source "ChessBase"]
[SourceDate "2006.11.23"]
[SourceVersion "1"]
[SourceVersionDate "2006.11.23"]
[SourceQuality "1"]

1. e4 e5 2. Nf3 Nc6 3. Bb5 a6 4. Ba4 Nf6 5. 0-0 Be7 6. Re1 b5 7. Bb3 d6 8. h3 0-0 9. c3 Nb8 10. d4 Nbd7 11. Nbd2 Bb7 12. Bc2 Re8 13. Nf1 Bf8 14. Ng3 g6 15. Bg5 h6 16. Bd2 c5 17. d5 c4 18. Nh2 h5 19. Bg5 Be7 20. Qe2 Nh7 21. Bd2 Nc5 22. Rad1 Qc7 23. Ngf1 Nf6 24. f3 Kg7 25. Ne3 Rh8 26. Qf2 Rag8 27. Bc1 h4 28. Neg4 Nh5 29. Nf1 Bc8 30. Be3 1/2-1/2

[Event "Rio de Janeiro Fexerj Masters"]
[Site "Rio de Janeiro"]
[Date "2005.06.25"]
[Round "4"]
[White "Lima, Fernando"]
[Black "Carvalho, Wagner De Paula"]
[Result "0-1"]
[WhiteElo "1940"]
[BlackElo "2057"]
[PlyCount "146"]
[EventDate "2005.03.08"]
[EventType "swiss"]
[EventRounds "7"]
[EventCountry "BRA"]
[SourceTitle "EXT 2007"]
[Source "ChessBase"]
[SourceDate "2006.11.23"]
[SourceVersion "1"]
[SourceVersionDate "2006.11.23"]
[SourceQuality "1"]

1. e4 e5 2. Nf3 Nc6 3. d4 exd4 4. Bc4 Nf6 5. e5 d5 6. Bb5 Ne4 7. Nxd4 Bd7 8. Bxc6 bxc6 9. Be3 Be7 10. Nb3 0-0 11. 0-0 f6 12. exf6 Nxf6 13. Nc3 Ng4 14. Bd4 Bd6 15. h3 Nh2 16. Re1 Bxh3 17. Re3 Bxg2 18. Kxg2 Qg5+ 19. Rg3 Bxg3 20. fxg3 Ng4 21. Qd2 Qf5 22. Qd3 Qxd3 23. cxd3 Rae8 24. Bxa7 Ne3+ 25. Kh3 Nc2 26. Rc1 Ne1 27. Rd1 Re6 28. Nd4 Rh6+ 29. Kg4 Rg6+ 30. Kh3 Rf1 31. Rxe1 Rxe1 32. Nde2 Re6 33. Nf4 Re8 34. Kg2 g5 35. Nh5 Kf7 36. g4 R1e2+ 37. Nxe2 Rxe2+ 38. Kf3 Rxb2 39. Ng3 Rxa2 40. Bb8 c5 41. Bxc7 Ra3 42. Ke2 c4 43. dxc4 dxc4 44. Ne4 Kg6 45. Bd6 Rd3 46. Be7 h6 47. Bf6 Rh3 48. Bd4 h5 49. gxh5+ Kxh5 50. Be5 Kg6 51. Bd4 g4 52. Nf2 Rh4 53. Be5 Kf5 54. Bg3 Rh8 55. Kd2 Ra8 56. Nxg4 Kxg4 57. Be5 Ra3 58. Kc2 Kf5 59. Bb2 Rb3 60. Bh8 Ke4 61. Bg7 Kd5 62. Bf6 Kc6 63. Bd4 Kb5 64. Be5 Rh3 65. Bf4 Rf3 66. Be5 Re3 67. Bd4 Rf3 68. Kb2 Kb4 69. Be5 Rf2+ 70. Kc1 Kb3 71. Bd4 Rh2 72. Be5 Rg2 73. Bd4 c3 0-1

[Event "Rio de Janeiro Fexerj Masters"]
[Site "Rio de Janeiro"]
[Date "2003.??.??"]
[Round "5"]
[White "Rosa, Carlos Roberto"]
[Black "Carvalho, Wagner De Paula"]
[Result "1-0"]
[WhiteElo "2250"]
[BlackElo "2029"]
[PlyCount "81"]
[EventDate "2003.06.18"]
[EventType "swiss"]
[EventRounds "7"]
[EventCountry "BRA"]
[SourceTitle "EXT 2007"]
[Source "ChessBase"]
[SourceDate "2006.11.23"]
[SourceVersion "1"]
[SourceVersionDate "2006.11.23"]
[SourceQuality "1"]

1. e4 e5 2. Nf3 Nc6 3. Bb5 a6 4. Ba4 Nf6 5. 0-0 Be7 6. Bxc6 dxc6 7. Qe1 c5 8. Nxe5 Qd4 9. Nd3 c4 10. Nf4 g5 11. Nd5 Nxd5 12. exd5 Qxd5 13. Nc3 Qe6 14. b3 cxb3 15. axb3 Qxe1 16. Rxe1 Be6 17. Ba3 Bxa3 18. Rxa3 0-0-0 19. d3 Rhe8 20. f3 Bd7 21. Kf2 Rxe1 22. Kxe1 Re8+ 23. Kf2 h6 24. Ra5 f6 25. h4 Re6 26. Ne4 Rc6 27. c4 f5 28. Nd2 b5 29. hxg5 hxg5 30. Ra1 Rd6 31. Ke2 c5 32. Rh1 Kc7 33. Rh7 Rg6 34. Nf1 bxc4 35. dxc4 Kd6 36. Ne3 Be6 37. Ra7 Bc8 38. Nd5 f4 39. Kd2 Ke5 40. Rc7 Rd6 41. Rxc8 1-0

[Event "Rio de Janeiro-ch Absoluto"]
[Site "Rio de Janeiro"]
[Date "1987.07.27"]
[Round "2"]
[White "D'Oliveira, Marcos Arruda"]
[Black "Carvalho, Wagner De Paula"]
[Result "1/2-1/2"]
[WhiteElo "1831"]
[BlackElo "1952"]
[PlyCount "56"]
[EventDate "1987.07.26"]
[EventType "swiss"]
[EventRounds "7"]
[EventCountry "BRA"]
[SourceTitle "EXT 2007"]
[Source "ChessBase"]
[SourceDate "2006.11.23"]
[SourceVersion "1"]
[SourceVersionDate "2006.11.23"]
[SourceQuality "1"]

1. c4 c6 2. d4 d5 3. Nf3 e6 4. Nc3 Nf6 5. e3 dxc4 6. Bxc4 b5 7. Bd3 Nbd7 8. 0-0 Bb7 9. Bd2 a6 10. Rc1 c5 11. dxc5 Nxc5 12. Bb1 Be7 13. b4 Nd3 14. Bxd3 Qxd3 15. Qe2 Rd8 16. Rfd1 Qxe2 17. Nxe2 0-0 18. Rc7 Bxf3 19. gxf3 Bxb4 20. Nd4 Bxd2 21. Rxd2 e5 22. Nb3 Rxd2 23. Nxd2 Rd8 24. Nb3 Nd5 25. Ra7 Nb4 26. a3 Nc2 27. Rxa6 f6 28. Ra5 Kf7 1/2-1/2

[Event "Rio de Janeiro-ch Absoluto"]
[Site "Rio de Janeiro"]
[Date "1986.07.05"]
[Round "1"]
[White "Carvalho, Wagner De Paula"]
[Black "Toth, Peter"]
[Result "0-1"]
[WhiteElo "1926"]
[BlackElo "2206"]
[PlyCount "66"]
[EventDate "1986.07.05"]
[EventType "swiss"]
[EventRounds "7"]
[EventCountry "BRA"]
[SourceTitle "EXT 2007"]
[Source "ChessBase"]
[SourceDate "2006.11.23"]
[SourceVersion "1"]
[SourceVersionDate "2006.11.23"]
[SourceQuality "1"]

1. c4 c5 2. Nc3 Nc6 3. g3 g6 4. Bg2 Bg7 5. Nf3 e5 6. d3 Nge7 7. Nh4 0-0 8. f4 d6 9. 0-0 Be6 10. e4 Nd4 11. f5 gxf5 12. exf5 Nexf5 13. Nxf5 Bxf5 14. Bxb7 Rb8 15. Bd5 Be6 16. Rf2 Bxd5 17. Nxd5 f5 18. Qh5 Qe8 19. Qxe8 Rbxe8 20. Be3 Ne6 21. Raf1 f4 22. gxf4 exf4 23. Nxf4 Nxf4 24. Bxf4 Bd4 25. Bxd6 Rxf2 26. Rxf2 Re2 27. Bg3 Rxb2 28. Kf1 Bxf2 29. Bxf2 Rxa2 30. Bxc5 a5 31. Bd4 Kf7 32. Be5 Ke6 33. d4 Rc2 0-1

[Event "Rio de Janeiro-ch Absoluto 85"]
[Site "Rio de Janeiro"]
[Date "1986.01.12"]
[Round "4"]
[White "Carvalho, Wagner De Paula"]
[Black "Cunha, Eduardo Arruda da G"]
[Result "0-1"]
[WhiteElo "1789"]
[BlackElo "2016"]
[PlyCount "50"]
[EventDate "1986.01.04"]
[EventType "swiss"]
[EventRounds "9"]
[EventCountry "BRA"]
[SourceTitle "EXT 2007"]
[Source "ChessBase"]
[SourceDate "2006.11.23"]
[SourceVersion "1"]
[SourceVersionDate "2006.11.23"]
[SourceQuality "1"]

1. d4 Nf6 2. c4 c5 3. Nf3 e6 4. Nc3 a6 5. a4 cxd4 6. Nxd4 Bb4 7. Qc2 Ng4 8. e3 0-0 9. Nf3 Nc6 10. h3 Nge5 11. Be2 d5 12. cxd5 exd5 13. Nxe5 Nxe5 14. 0-0 Be6 15. Rd1 Rc8 16. f4 Ng6 17. f5 Nh4 18. fxe6 Qg5 19. Bg4 fxe6 20. Qe2 Qe5 21. Nxd5 exd5 22. Qd3 Rcd8 23. Qd4 Qg3 24. Be6+ Kh8 25. Qg4 Nf3+ 0-1

[Event "Rio de Janeiro-ch Absoluto 85"]
[Site "Rio de Janeiro"]
[Date "1986.01.04"]
[Round "1"]
[White "Carvalho, Wagner De Paula"]
[Black "Fernandes, Jose Costa Jr"]
[Result "0-1"]
[WhiteElo "1789"]
[BlackElo "2121"]
[PlyCount "46"]
[EventDate "1986.01.04"]
[EventType "swiss"]
[EventRounds "9"]
[EventCountry "BRA"]
[SourceTitle "EXT 2007"]
[Source "ChessBase"]
[SourceDate "2006.11.23"]
[SourceVersion "1"]
[SourceVersionDate "2006.11.23"]
[SourceQuality "1"]

1. d4 Nf6 2. Bg5 c5 3. Bxf6 gxf6 4. c3 Bg7 5. e3 0-0 6. Bd3 cxd4 7. cxd4 f5 8. Ne2 e6 9. 0-0 b6 10. Nd2 Bb7 11. Ng3 Qg5 12. Nf3 Qh6 13. Qe2 Nc6 14. Rac1 Rac8 15. a3 f4 16. exf4 Nxd4 17. Nxd4 Bxd4 18. Rxc8 Rxc8 19. f5 Qg7 20. fxe6 dxe6 21. b3 Rc3 22. Bc4 Rxg3 23. hxg3 Qxg3 0-1